000 00453nam a22001697a 4500
003 BD-ChCU
005 20251203101834.0
008 251203b bg ||||| |||| 00| 0 ben d
040 _cBD-ChCU
082 _a574 STB
100 _aStahnke, Herbert L.
_917379
245 _aBiotic Principles.//
_cHerbert L. Stahnke.
260 _aNew Delhi.
_bPrentice-Hall.
_c1964
300 _axvii, 654p
650 0 _aBiology - Zoology.
_917381
942 _2ddc
_cBK
_n0
999 _c110077
_d110077